Statistics for English Postal Code

Click here to take the quiz!

General Stats

  • This quiz has been taken 70 times
  • The average score is 70 of 129

Answer Stats

Postcode AreaPostcode area name% Correct
BBirmingham
94%
BSBristol
90%
EXExeter
88%
IMIsle of Man
88%
NNorth
88%
YOYork
88%
HUKingston upon Hull
87%
OXOxford
87%
ABAberdeen
85%
BNBrighton
83%
DEDerby
83%
GGlasgow
83%
LLiverpool
83%
POPortsmouth
83%
CBCambridge
81%
CVCoventry
81%
GLGloucester
81%
IPIpswich
81%
JEJersey
81%
LSLeeds
81%
NGNottingham
81%
PLPlymouth
81%
CFCardiff
79%
CHChester
79%
DDDundee
79%
EEast
79%
IVInverness
79%
LELeicester
79%
NENewcastle upon Tyne
79%
SOSouthampton
79%
WWest
79%
BABath
77%
BTBelfast
77%
EHEdinburgh
77%
GYGuernsey
77%
NRNorwich
77%
SSheffield
77%
SASwansea
77%
MManchester
75%
NWNorth West
75%
SESouth East
75%
SWSouth West
75%
BDBradford
73%
LNLincoln
71%
LULuton
71%
NNNorthampton
71%
PEPeterborough
71%
FYBlackpool
69%
ECEast Central
69%
NPNewport
67%
TQTorquay
67%
WCWest Central
67%
BBBlackburn
65%
MKMilton Keynes
65%
BHBournemouth
63%
WVWolverhampton
63%
DHDurham
62%
RGReading
62%
TRTruro
62%
COColchester
60%
HDHuddersfield
60%
FKFalkirk
58%
LALancaster
58%
CACarlisle
56%
DNDoncaster
56%
HXHalifax
56%
PRPreston
56%
SRSunderland
56%
SNSwindon
56%
PHPerth
54%
UBSouthall
54%
SSSouthend-on-sea
54%
WRWorcester
54%
CMChelmsford
52%
HRHereford
52%
SLSlough
52%
CTCanterbury
50%
ENEnfield
50%
OLOldham
50%
DGDumfries
48%
WAWarrington
48%
CRCroydon
46%
LLLlandudno
46%
WFWakefield
46%
GUGuildford
44%
HGHarrogate
44%
WDWatford
44%
ALSt Albans
42%
TFTelford
40%
BLBolton
38%
SYShrewsbury
38%
SKStockport
38%
WNWigan
38%
DLDarlington
37%
ZELerwick
35%
SGStevenage
35%
KTKingston upon Thames
33%
WSWalsall
33%
DADartford
31%
DYDudley
31%
MLMotherwell
31%
RMRomford
31%
KWKirkwall
29%
TNRoyal Tunbridge Wells
29%
HAHarrow
27%
PAPaisley
27%
BRBromley
25%
CWCrewe
25%
HPHemel Hempstead
25%
IGIlford
25%
TATaunton
25%
TSTeesside
25%
TWTwickenham
25%
MEMedway
23%
KYKirkcaldy
21%
SPSalisbury
21%
DTDorchester
19%
KAKilmarnock
19%
RHRedhill
19%
SMSutton
19%
HSHebrides
8%
WalesWales
8%
EnglandEngland
6%
LDLlandrindod Wells
6%
Northern IrelandNorthern Ireland
6%
ScotlandScotland
6%
TDTweeddale
4%
Crown DependenciesCrown Dependencies
2%
London DistrictLondon District
2%

Score Distribution

Percentile by Number Answered

Percent of People with Each Score

Your Score History

You have not taken this quiz